Welcome to the Holygrace Academy Library

Please use search bar below to get started

HIGH SCHOOL MUSICAL (Record no. 440)

MARC details
000 -LEADER
fixed length control field 00500nam a22001457a 4500
020 ## - INTERNATIONAL STANDARD BOOK NUMBER
ISBN 978-1-4075-0343-1
082 ## - DEWEY DECIMAL CLASSIFICATION NUMBER
Classification number 823
Item number HAP/H
100 ## - MAIN ENTRY--AUTHOR NAME
Personal name CATHERINE HAPKA
245 ## - TITLE STATEMENT
Title HIGH SCHOOL MUSICAL
Remainder of title WILDCAT SPIRIT
260 ## - PUBLICATION, DISTRIBUTION, ETC. (IMPRINT)
Place of publication NEW YORK
Name of publisher PARRAGON
Year of publication 2007
300 ## - PHYSICAL DESCRIPTION
Number of Pages 126
520 ## - SUMMARY, ETC.
Summary, etc IT'S SIRIT WEEK AT EAST HIGH AND EVERYONE IS PSCYCHED. GABRIELLA IS SO HAPPY AT EAST HIGH. WOULD HER MOTHER REALLY TAKE HER AWAY FROM ALL HER FRIENDS?
650 ## - SUBJECT ADDED ENTRY--TOPICAL TERM
Topical Term STORIES FROM EAST HIGH 2
Geographic subdivision UNITED KINGDOM
942 ## - ADDED ENTRY ELEMENTS (KOHA)
Koha item type Books
Holdings
Withdrawn status Lost status Collection code Home library Current library Shelving location Date acquired Source of acquisition Cost, normal purchase price Full call number Accession Number Koha item type
    Fiction Main Library Main Library On Display 12/03/2014 purchase 420.00 823 HAP/H 07865 Books
    Fiction Main Library Main Library On Display 30/01/2019 purchase 50.00 823 HAP/H 10829 Books
    Fiction Main Library Main Library On Display 30/01/2019 purchase 50.00 823 HAP/H 10857 Books
    Fiction Main Library Main Library On Display 08/11/2013 purchase 420.00 823 HAP/H 07532 Books
    Fiction Main Library Main Library On Display 22/03/2014 purchase 209.00 823 HAP/H 08109 Books
    Fiction Main Library Main Library On Display 20/03/2014 purchase 420.00 823 HAP/H 08014 Books